Hodnota investičních projektů jako důležitý faktor hodnoty podniků

Metódy hodnotenia investícií - východisko pre reálne opcie. Rozhodovacie metódy: metóda čistej súčasnej hodnoty (NPV), metóda vnútorného výnosového percenta (IRR), metóda doby návratnosti (Payback period) a Profitability index. Meranie základných parametrov hodnoty finančných opcií. Základné možnost...

Ausführliche Beschreibung

Gespeichert in:
Bibliographische Detailangaben
1. Verfasser: Scholleová, Hana
Format: Buchkapitel
Sprache:Tschechisch
Schlagworte:
Tags: Tag hinzufügen
Keine Tags, Fügen Sie das erste Tag hinzu!

MARC

LEADER 00000naa$a2200000$$$4500
001 0038798
005 20231114082031.6
041 0 |a cze 
044 |a CZ 
245 1 0 |a Hodnota investičních projektů jako důležitý faktor hodnoty podniků  |c Hana Scholleová 
520 |a Metódy hodnotenia investícií - východisko pre reálne opcie. Rozhodovacie metódy: metóda čistej súčasnej hodnoty (NPV), metóda vnútorného výnosového percenta (IRR), metóda doby návratnosti (Payback period) a Profitability index. Meranie základných parametrov hodnoty finančných opcií. Základné možnosti stanovenia volatility reálnych opcií. Metóda logaritmovanej súčasnej hodnoty. Normatívny model pre použitie reálnych opcií. Riadenie reálnych opcií. 
610 2 0 |a projekty investičné 
610 2 0 |a hodnota podniku 
610 2 0 |a metódy rozhodovania 
610 2 0 |a investície 
610 2 0 |a výnosy 
610 2 0 |a opcie 
610 2 0 |a hodnota reálna 
610 2 0 |a volatilita 
610 2 0 |a flexibilita 
100 1 |a Scholleová, Hana